| 000 | 00432nam a22001577a 4500 | ||
|---|---|---|---|
| 003 | macl | ||
| 005 | 20240310125453.0 | ||
| 008 | 240310b |||||||| |||| 00| 0 eng d | ||
| 040 | _cmacl | ||
| 082 | _a891.433/KAR | ||
| 100 |
_aसुधीर कक्कड _949211 |
||
| 245 | _aकामयोगी | ||
| 260 |
_aदिल्ली _bराजकमल _c2015 |
||
| 650 | _aउपन्यास | ||
| 942 |
_2ddc _cHIN |
||
| 999 |
_c66789 _d66789 |
||